01860cam a2200301 i 450000100090000000300050000900500170001400800410003101000170007202000420008902000380013102000260016903500200019504000280021504200080024305000240025106000100027508200120028510000280029724501050032526000340043030000460046449000570051050000510056752008690061865000390148770000320152618334309PILC20151105081411.0141011s2015 nyu b 001 0 eng  a 2014035638 a9780415895224 (hardback : alk. paper) a9781138852754 (pbk. : alk. paper) z9781315723310 (ebook) a(DNLM)101643462 aDNLM/DLCcDLCerdadDLC apcc00aRA 1151b.R789 201510aW 74000a614/.151 aRuiter, C. de,eauthor.10aForensic psychological assessment in practice :bcase studies /cCorine De Ruiter, Nancy Kaser-Boyd. aNew York :bRoutledge,c2015. axvi, 297 pages :billustrations ;c24 cm.1 aInternational perspectives on forensic mental health aIncludes bibliographical references and index. a"Forensic Psychological Assessment in Practice: Case Studies presents a set of forensic criminal cases as examples of a scientist-practitioner model for forensic psychological assessment. The cases involve a number of forensic issues, such as criminal responsibility, violence risk assessment, treatment planning, and referral to long term forensic care. Likewise, different types of offenses are covered, for example, sexual offending, arson, homicide, robbery and domestic violence. The authors address a variety of mental disorders including psychosis, posttraumatic stress disorder, psychopathy and other personality disorders. The book will be useful for novice and experienced forensic psychologists and psychiatrists who are looking for case studies that integrate the most recent empirical evidence with psychological test findings"--Provided by publisher.12aForensic PsychiatryvCase Reports.1 aKaser-Boyd, Nancy,eauthor.